000 006180000a22001810004500
001 768714001
003 CO-MdFUSB
005 20170424112142.0
008 170424s2004 cr ||||| |||| 00| 0 spa d
040 _aCO-MdFUSB
_bspa
_cCO-MdFUSB
_dCO-MdFUSB
041 _aspa
100 1 _aCruz, Pablo César
_eautor
245 1 0 _aLa música :
_bherramienta poderosa para el ministerio infantil
300 _aVolumen 6, número 22, (2005), Páginas 4-5
_c28 cm.
546 _aTexto en español
773 0 _tAlcanzando a los Niños en Riesgo
_049458
_960574
_gVolumen 6, número 22, (2005), Páginas 4-5
_qPágina 4
942 _cANA
999 _c60550
_d60550